| 000 | 00531nam a2200193Ia 4500 | ||
|---|---|---|---|
| 003 | GCL | ||
| 008 | 140319s9999 xx 000 0 ara d | ||
| 040 |
_aGCL / _cGCL |
||
| 082 | 0 | 4 |
_a853 _bا ق |
| 100 | 1 | _aطه فوزى | |
| 245 | 1 | 0 |
_aالقلب / _cطه فوزى |
| 700 | 1 | _aامتشس، ادموندى | |
| 700 | 1 | _aعبدالحميد على ابراهيم | |
| 300 | _a343 ص | ||
| 490 |
_aالالف كتاب _v0 |
||
| 650 | 0 | 4 | _aالادب الايطالى |
| 650 | 0 | 4 | _aالقصة الايطالية |
| 942 |
_2ddc _cBK |
||
| 999 |
_c49858 _d49858 |
||